Law of assignment. (Record no. 99246)

MARC details
000 -LEADER
fixed length control field 00399cam a2200157 4500
008 - FIXED-LENGTH DATA ELEMENTS--GENERAL INFORMATION
fixed length control field 090401t1999 xxu||||| |||| 00| 0 eng d
020 ## - INTERNATIONAL STANDARD BOOK NUMBER
International Standard Book Number 0752003879
035 ## - SYSTEM CONTROL NUMBER
System control number (Sirsi) u99236
041 ## - LANGUAGE CODE
Language code of text/sound track or separate title eng
100 ## - MAIN ENTRY--PERSONAL NAME
Personal name Smith, M.
245 ## - TITLE STATEMENT
Title Law of assignment.
260 ## - PUBLICATION, DISTRIBUTION, ETC.
Place of publication, distribution, etc. London
Name of publisher, distributor, etc. FT Law & Tax
Date of publication, distribution, etc. 1999
520 ## - SUMMARY, ETC.
Summary, etc. PUBLICATION ABANDONED - DO NOT MAKE RESERVATION
942 ## - ADDED ENTRY ELEMENTS (KOHA)
Suppress in OPAC 0
948 ## - LOCAL PROCESSING INFORMATION (OCLC); SERIES PART DESIGNATOR (RLIN)
c (OCLC) 11/02/1998

No items available.